000 00554nam a22001937a 4500
005 20250801122759.0
008 250801b |||||||| |||| 00| 0 eng d
020 _a978-81-312-4663-4
082 _a617.6
_bHIR-T
100 _aHiremath, SS
245 _aTextbook of Public Health Dentistry
_cby Hiremath, SS
250 _a3rd ed.
260 _aIndia :
_bElsevier Health Sciences ;
_c2016 .
300 _aviii , 520 p. :
_bill ;
_c28 cm.
500 _aPrinted in Pakistan.
650 _aMedical / Dentistry
700 _aHiremath, SS
999 _c37006
_d37006